[Event "IX Torneo Leonardo di Bona A"]
[Site "Cutro ITA"]
[Date "2003.04.29"]
[Round "7"]
[White "Calzetta Ruiz, Monica"]
[Black "Ivanov, Jordan"]
[Result "0-1"]
[WhiteElo "2253"]
[BlackElo "2432"]
[PlyCount "61"]
[EventDate "2003.04.23"]

1. e4 c5 2. Nf3 Nc6 3. d4 cxd4 4. Nxd4 Qb6 5. Nb3 Nf6 6. Nc3 e6 7. Be3 Qc7 8.
Qd2 a6 9. O-O-O b5 10. f3 d6 11. Kb1 Rb8 12. g4 Ne5 13. g5 Nfd7 14. Qg2 b4 15.
Ne2 Nc4 16. Bc1 a5 17. Nf4 Ndb6 18. h4 g6 19. h5 Bg7 20. Bxc4 Nxc4 21. hxg6
hxg6 22. Rxh8+ Bxh8 23. Qh2 Bg7 24. Qh7 Kf8 25. Rd3 Qb6 26. Nh5 gxh5 27. g6 Qg1
28. gxf7 Kxf7 29. Qxh5+ Qg6 30. Qh1 Ne5 31. Rd1 0-1

[Event "IX Torneo Leonardo di Bona A"]
[Site "Cutro ITA"]
[Date "2003.04.29"]
[Round "7"]
[White "Chatalbashev, Boris"]
[Black "Mrdja, Milan"]
[Result "1-0"]
[WhiteElo "2525"]
[BlackElo "2353"]
[PlyCount "53"]
[EventDate "2003.04.23"]

1. d4 Nf6 2. c4 g6 3. Nc3 d5 4. Nf3 Bg7 5. Bf4 O-O 6. Rc1 dxc4 7. e4 c5 8. d5
Qa5 9. e5 Ne4 10. Bxc4 b5 11. Be2 Nxc3 12. bxc3 Rd8 13. O-O Nd7 14. c4 bxc4 15.
Bxc4 Nb6 16. e6 fxe6 17. Bc7 Rf8 18. Ng5 Bh6 19. h4 Bxg5 20. hxg5 Ba6 21. Qe2
Bxc4 22. Qxe6+ Rf7 23. Rxc4 Qb5 24. Rf4 Raf8 25. Re1 c4 26. d6 Qd5 27. Rxf7 1-0

[Event "IX Torneo Leonardo di Bona A"]
[Site "Cutro ITA"]
[Date "2003.04.29"]
[Round "7"]
[White "Drasko, Milan"]
[Black "Aleksieva, Silvia"]
[Result "1/2-1/2"]
[WhiteElo "2491"]
[BlackElo "2348"]
[PlyCount "121"]
[EventDate "2003.04.23"]

1. d4 Nf6 2. c4 e6 3. Nc3 Bb4 4. Qc2 c5 5. dxc5 O-O 6. a3 Bxc5 7. Nf3 b6 8. Bg5
Be7 9. e3 Bb7 10. Be2 h6 11. Bh4 Nc6 12. O-O Rc8 13. Rfd1 Na5 14. Ne5 d6 15. b4
Nc6 16. Nf3 a6 17. Rac1 Rc7 18. h3 Rd7 19. Rd2 Na7 20. Rcd1 Qc7 21. e4 Rfd8 22.
Qd3 Kf8 23. Qe3 Ne8 24. Bg3 Nc8 25. Nd4 Bf6 26. f4 e5 27. Nf5 exf4 28. Bxf4
Bxc3 29. Qxc3 Bxe4 30. Nxg7 Nxg7 31. Qf6 Kg8 32. Bxh6 Ne8 33. Qg5+ Bg6 34. h4
Kh8 35. h5 Bh7 36. Rf1 Re7 37. Rf6 d5 38. Bf8 Qe5 39. Qxe5 Rxe5 40. Rxf7 Ncd6
41. Ra7 Kg8 42. Be7 Rc8 43. c5 bxc5 44. Bxa6 Rb8 45. Rf2 Re1+ 46. Kh2 Nf5 47.
Bxc5 Nf6 48. Re2 Ra1 49. Bd3 Ne4 50. Bxe4 dxe4 51. Rxe4 Rh1+ 52. Kxh1 Ng3+ 53.
Kh2 Nxe4 54. Bd4 Bf5 55. Rg7+ Kf8 56. h6 Rd8 57. h7 Bxh7 58. Rxh7 Rxd4 59. Ra7
Nd6 60. Ra8+ Ke7 61. a4 1/2-1/2

[Event "IX Torneo Leonardo di Bona A"]
[Site "Cutro ITA"]
[Date "2003.04.29"]
[Round "7"]
[White "Estremera Panos, Sergio"]
[Black "Naumkin, Igor"]
[Result "1/2-1/2"]
[WhiteElo "2370"]
[BlackElo "2431"]
[PlyCount "28"]
[EventDate "2003.04.23"]

1. d4 e6 2. c4 f5 3. g3 Nf6 4. Bg2 Bb4+ 5. Bd2 Bxd2+ 6. Qxd2 O-O 7. Nc3 d6 8.
Nf3 Nc6 9. Rd1 Ne7 10. O-O Ng6 11. Rfe1 Bd7 12. e4 fxe4 13. Nxe4 Nxe4 14. Rxe4
d5 1/2-1/2

[Event "IX Torneo Leonardo di Bona A"]
[Site "Cutro ITA"]
[Date "2003.04.29"]
[Round "7"]
[White "Gangemi, Salvatore"]
[Black "Blasco, Domenico"]
[Result "1-0"]
[WhiteElo "2049"]
[BlackElo "2053"]
[PlyCount "81"]
[EventDate "2003.04.23"]

1. c4 g6 2. Nc3 Bg7 3. g3 c5 4. Bg2 Nc6 5. e4 e6 6. Nge2 Nge7 7. O-O O-O 8. d3
d6 9. Rb1 Nd4 10. Nxd4 cxd4 11. Ne2 e5 12. b4 Be6 13. h3 Qd7 14. Kh2 f5 15.
exf5 Nxf5 16. Ng1 Rac8 17. Nf3 Kh8 18. Ng5 Bg8 19. a4 b6 20. h4 d5 21. cxd5
Bxd5 22. Ne4 Qc6 23. Rb2 Nd6 24. b5 Qc7 25. Bh3 Nxe4 26. dxe4 Bxe4 27. Bxc8 Bf3
28. Rc2 Qb8 29. Qd3 e4 30. Qc4 d3 31. Qc7 Qa8 32. Bb7 Qe8 33. Bb2 Bxb2 34. Rxb2
Be2 35. Qc3+ Kg8 36. Bd5+ Rf7 37. Rxe2 dxe2 38. Re1 Kf8 39. Bxf7 Qxf7 40. Rxe2
Qf3 41. Qxf3+ 1-0

[Event "IX Torneo Leonardo di Bona A"]
[Site "Cutro ITA"]
[Date "2003.04.29"]
[Round "7"]
[White "Georgiev, Vladimir"]
[Black "Korneev, Oleg"]
[Result "1/2-1/2"]
[WhiteElo "2552"]
[BlackElo "2606"]
[PlyCount "20"]
[EventDate "2003.04.23"]

1. c4 e6 2. e4 d5 3. exd5 exd5 4. cxd5 Nf6 5. Nc3 Nxd5 6. Bc4 Nb6 7. Bb3 Bd6 8.
d4 O-O 9. Nf3 Nc6 10. h3 Qe7+ 1/2-1/2

[Event "IX Torneo Leonardo di Bona A"]
[Site "Cutro ITA"]
[Date "2003.04.29"]
[Round "7"]
[White "Georgieva, Liubka"]
[Black "Stefanova, Antoaneta"]
[Result "0-1"]
[WhiteElo "2238"]
[BlackElo "2550"]
[PlyCount "112"]
[EventDate "2003.04.23"]

1. e4 e5 2. Nf3 Nc6 3. Nc3 Nf6 4. g3 Bc5 5. Bg2 d6 6. d3 a6 7. h3 h6 8. Nh4 Ne7
9. Qe2 c6 10. Be3 Qb6 11. Nd1 Be6 12. c3 Rd8 13. Bxc5 Qxc5 14. Qe3 O-O 15. O-O
Qxe3 16. Nxe3 d5 17. b3 a5 18. Nhf5 Nc8 19. Ng4 Nxg4 20. hxg4 Kh7 21. exd5 Bxd5
22. Bxd5 Rxd5 23. d4 exd4 24. Nxd4 Nd6 25. Rfe1 c5 26. Nc2 Rd3 27. Rad1 c4 28.
bxc4 Rxd1 29. Rxd1 Nxc4 30. Rd7 b6 31. Rc7 Ne5 32. Rb7 Rc8 33. Rxb6 Rxc3 34.
Ne3 Ra3 35. Rb2 g6 36. Nc2 Ra4 37. Rb5 Nxg4 38. a3 Kg7 39. f3 Nf6 40. Kf2 Ne8
41. Ke2 h5 42. Kd3 Nd6 43. Rc5 Nf5 44. g4 hxg4 45. fxg4 Rxg4 46. Rxa5 Rf4 47.
Nb4 g5 48. Nd5 Rf3+ 49. Ke4 g4 50. Ra6 Ng3+ 51. Ke5 Rf5+ 52. Kd4 Ne2+ 53. Ke4
Rxd5 54. Kxd5 g3 55. Rb6 g2 56. Rb1 Nc3+ 0-1

[Event "IX Torneo Leonardo di Bona A"]
[Site "Cutro ITA"]
[Date "2003.04.29"]
[Round "7"]
[White "Isonzo, David"]
[Black "Genov, Petar"]
[Result "0-1"]
[WhiteElo "2340"]
[BlackElo "2490"]
[PlyCount "106"]
[EventDate "2003.04.23"]

1. e4 c5 2. Nf3 d6 3. d4 cxd4 4. Nxd4 Nf6 5. Nc3 a6 6. Bc4 e6 7. Bb3 Nbd7 8.
Bg5 Nc5 9. f4 Be7 10. Qf3 Qc7 11. O-O b5 12. f5 O-O 13. fxe6 fxe6 14. Nf5 Nxb3
15. Nxe7+ Qxe7 16. axb3 Bb7 17. b4 h6 18. Bxf6 Rxf6 19. Qg3 Raf8 20. Rxf6 Qxf6
21. Rd1 a5 22. e5 dxe5 23. bxa5 Qf5 24. h3 Rf6 25. Rd2 Rg6 26. Qe3 b4 27. Rf2
Qh5 28. Ne2 Kh7 29. Kh2 e4 30. Qb6 e3 31. Qxe3 Qxa5 32. Nf4 Rf6 33. Nd3 Rxf2
34. Qxf2 b3 35. cxb3 Qd5 36. Nf4 Qxb3 37. Qd2 Qc4 38. Qd3+ Qxd3 39. Nxd3 Kg6
40. Nc5 Bd5 41. Kg3 Kf5 42. Kf2 Ke5 43. g3 Kd4 44. Nd7 e5 45. Nb6 Be6 46. Na4
Bxh3 47. Nc3 Bg4 48. Ne2+ Bxe2 49. Kxe2 h5 50. b4 g5 51. b5 Kc5 52. Ke3 Kxb5
53. Ke4 h4 0-1

[Event "IX Torneo Leonardo di Bona A"]
[Site "Cutro ITA"]
[Date "2003.04.29"]
[Round "7"]
[White "Lazic, Miroljub"]
[Black "Miladinovic, Igor"]
[Result "0-1"]
[WhiteElo "2508"]
[BlackElo "2533"]
[PlyCount "58"]
[EventDate "2003.04.23"]

1. e4 c5 2. Nc3 Nc6 3. g3 g6 4. Bg2 Bg7 5. f4 d6 6. Nf3 b6 7. O-O Bb7 8. d3 Qd7
9. Be3 Nh6 10. h3 f5 11. Qd2 O-O 12. Kh2 Rae8 13. Rae1 Nd4 14. Ng5 Nf7 15. Nxf7
Rxf7 16. Nd1 e5 17. c3 Ne6 18. exf5 gxf5 19. fxe5 Bxg2 20. Qxg2 dxe5 21. Nf2
Kh8 22. Bc1 Ref8 23. Qf3 c4 24. dxc4 e4 25. Qh5 Qc7 26. Bh6 Bxh6 27. Qxh6 Rg8
28. Re3 Rg6 29. Qh5 f4 0-1

[Event "IX Torneo Leonardo di Bona A"]
[Site "Cutro ITA"]
[Date "2003.04.29"]
[Round "7"]
[White "Oratovsky, Michael"]
[Black "Janev, Evgeni"]
[Result "1-0"]
[WhiteElo "2587"]
[BlackElo "2456"]
[PlyCount "87"]
[EventDate "2003.04.23"]

1. e4 Nf6 2. e5 Nd5 3. d4 d6 4. Nf3 Nb6 5. Nc3 g6 6. Bf4 Bg7 7. Bb5+ c6 8. Bd3
O-O 9. O-O Na6 10. Bxa6 bxa6 11. exd6 exd6 12. Ne4 Nd5 13. Bg5 f6 14. Bd2 f5
15. Nc3 Nf6 16. Qe2 Rb8 17. b3 h6 18. Rfe1 Qd7 19. Rad1 g5 20. Bc1 Bb7 21. Qe6+
Qxe6 22. Rxe6 Rfd8 23. h4 g4 24. Nd2 c5 25. dxc5 dxc5 26. Rde1 g3 27. f3 Nh5
28. Ndb1 f4 29. Kf1 c4 30. Ne2 cxb3 31. axb3 Rf8 32. Nd2 Rbc8 33. Nc4 Bd5 34.
Rxa6 Bxc4 35. bxc4 Rxc4 36. Ra5 Nf6 37. Bxf4 Rxc2 38. Bxg3 Re8 39. Nf4 Rxe1+
40. Bxe1 Bf8 41. Rxa7 Bd6 42. Ra6 Be5 43. Re6 Ng4 44. Rg6+ 1-0

[Event "IX Torneo Leonardo di Bona A"]
[Site "Cutro ITA"]
[Date "2003.04.29"]
[Round "7"]
[White "Zelcic, Robert"]
[Black "Khenkin, Igor"]
[Result "1/2-1/2"]
[WhiteElo "2540"]
[BlackElo "2644"]
[PlyCount "30"]
[EventDate "2003.04.23"]

1. e4 c6 2. d4 d5 3. Nd2 dxe4 4. Nxe4 Bf5 5. Ng3 Bg6 6. h4 h6 7. Nf3 Nd7 8. h5
Bh7 9. Bd3 Bxd3 10. Qxd3 e6 11. Bf4 Qa5+ 12. Bd2 Qc7 13. O-O-O Ngf6 14. Ne4
O-O-O 15. Kb1 Nxe4 1/2-1/2

[Event "IX Torneo Leonardo di Bona A"]
[Site "Cutro ITA"]
[Date "2003.04.30"]
[Round "8"]
[White "Aleksieva, Silvia"]
[Black "Andonov, Bogomil"]
[Result "1-0"]
[WhiteElo "2348"]
[BlackElo "2290"]
[PlyCount "80"]
[EventDate "2003.04.23"]

1. d4 Nf6 2. c4 a6 3. Nc3 c5 4. d5 e5 5. e4 d6 6. h3 Nbd7 7. Nf3 Be7 8. Be3 O-O
9. a4 b6 10. Bd3 Ne8 11. O-O g6 12. Qc2 Ng7 13. Bh6 Kh8 14. Ne2 Nf6 15. a5 b5
16. b4 cxb4 17. Rfb1 Nd7 18. Rxb4 Nc5 19. Be3 Nxd3 20. Qxd3 bxc4 21. Rxc4 f5
22. Bb6 Qe8 23. Rc7 fxe4 24. Qxe4 Nh5 25. Rd1 Nf6 26. Qe3 Bd7 27. Ng5 Bd8 28.
Rcc1 Qe7 29. Ng3 Rc8 30. Rxc8 Bxc8 31. N3e4 Nxe4 32. Nxe4 Bf5 33. Rc1 Bxe4 34.
Qxe4 Qf7 35. Rc8 Be7 36. Rc7 Qf6 37. Qc4 Bd8 38. Rc8 Kg7 39. Rxd8 Rxd8 40. Qc7+
Qf7 1-0

[Event "IX Torneo Leonardo di Bona A"]
[Site "Cutro ITA"]
[Date "2003.04.30"]
[Round "8"]
[White "Blasco, Domenico"]
[Black "Sautto, Alessandra"]
[Result "1-0"]
[WhiteElo "2053"]
[BlackElo "1993"]
[PlyCount "157"]
[EventDate "2003.04.23"]

1. Nf3 Nf6 2. g3 g6 3. Bg2 Bg7 4. O-O O-O 5. d3 d6 6. e4 e5 7. c3 Nc6 8. b4 a6
9. a4 d5 10. Qe2 d4 11. cxd4 Nxd4 12. Nxd4 Qxd4 13. Bb2 Qxb4 14. Bxe5 Qe7 15.
Bb2 Re8 16. Nd2 Nh5 17. Bxg7 Nxg7 18. Nc4 Ne6 19. Qb2 Rd8 20. Ne3 c6 21. Rad1
Nd4 22. Nd5 Qe5 23. Qb6 Ne2+ 24. Kh1 Rf8 25. f4 Qd4 26. Ne7+ Kg7 27. Nxc8 Rfxc8
28. Qxb7 Nc3 29. Rc1 Nxa4 30. Qb1 Rab8 31. Qa1 Qxa1 32. Rxa1 Rb4 33. Rfc1 c5
34. Rc4 Rxc4 35. dxc4 Nb2 36. Bf1 Ra8 37. Ra5 Nd1 38. Kg1 Ne3 39. Be2 Nc2 40.
Kf2 Nd4 41. Rxc5 Nxe2 42. Kxe2 a5 43. Rb5 a4 44. Rb2 Kf6 45. Kd3 Ke6 46. Kc3
Kd6 47. Rd2+ Kc6 48. Kb4 Ra7 49. Ra2 Rb7+ 50. Kxa4 Kc5 51. Rc2 Rb4+ 52. Ka5 Rb1
53. Ka6 Kc6 54. Ka7 Rb7+ 55. Ka6 Rb1 56. Ka5 Kc5 57. Ka4 Rb4+ 58. Ka3 Rxc4 59.
Re2 Kd6 60. Kb3 Rc7 61. Rd2+ Ke7 62. Rc2 Ra7 63. Kc3 Kf6 64. Kd4 Rd7+ 65. Ke3
Ra7 66. Rc6+ Ke7 67. Rc3 Rb7 68. h3 Ra7 69. Kf3 Ke6 70. Rc6+ Ke7 71. Rc3 Rb7
72. Kg4 h5+ 73. Kf3 Kd7 74. Ra3 Ke7 75. g4 hxg4+ 76. hxg4 Rc7 77. g5 Rb7 78.
Rc3 Kd6 79. Kg4 1-0

[Event "IX Torneo Leonardo di Bona A"]
[Site "Cutro ITA"]
[Date "2003.04.30"]
[Round "8"]
[White "Bondielli, Giorgio"]
[Black "Calzetta Ruiz, Monica"]
[Result "0-1"]
[WhiteElo "2009"]
[BlackElo "2253"]
[PlyCount "48"]
[EventDate "2003.04.23"]

1. e4 c5 2. d4 cxd4 3. c3 Nf6 4. e5 Nd5 5. Bc4 Qc7 6. Qe2 Nb6 7. Bb3 Nc6 8. Nf3
d6 9. Bf4 e6 10. O-O d3 11. Qe4 dxe5 12. Nxe5 Nxe5 13. Bxe5 Bd6 14. Bxg7 f5 15.
Qd4 Rg8 16. Bf6 Rg6 17. Bh4 Bxh2+ 18. Kh1 Be5 19. Qxd3 Bd7 20. Nd2 Rh6 21. Qh3
Bf6 22. g3 Bxh4 23. gxh4 Qf4 24. Nf3 Bc6 0-1

[Event "IX Torneo Leonardo di Bona A"]
[Site "Cutro ITA"]
[Date "2003.04.30"]
[Round "8"]
[White "Ivanov, Jordan"]
[Black "Estremera Panos, Sergio"]
[Result "1/2-1/2"]
[WhiteElo "2432"]
[BlackElo "2370"]
[PlyCount "25"]
[EventDate "2003.04.23"]

1. d4 Nf6 2. c4 e6 3. Nc3 Bb4 4. Nf3 b6 5. Qb3 c5 6. Bg5 Nc6 7. d5 Na5 8. Qc2
h6 9. Bh4 O-O 10. e4 Bxc3+ 11. bxc3 d6 12. Be2 e5 13. O-O 1/2-1/2

[Event "IX Torneo Leonardo di Bona A"]
[Site "Cutro ITA"]
[Date "2003.04.30"]
[Round "8"]
[White "Khenkin, Igor"]
[Black "Georgiev, Vladimir"]
[Result "1/2-1/2"]
[WhiteElo "2644"]
[BlackElo "2552"]
[PlyCount "136"]
[EventDate "2003.04.23"]

1. d4 d5 2. c4 c6 3. Nf3 Nf6 4. Nc3 a6 5. a4 e6 6. Bg5 a5 7. e3 Be7 8. Bd3 Na6
9. O-O Nb4 10. Ne5 Nd7 11. Bxe7 Qxe7 12. f4 O-O 13. Rf3 f5 14. Rc1 Nxe5 15.
fxe5 Bd7 16. cxd5 cxd5 17. Bb5 Rac8 18. Qe2 Bc6 19. Rcf1 Qd7 20. Rh3 Qe8 21.
Qf2 Qe7 22. Qf3 Qg5 23. Rg3 Qe7 24. Qh5 Bxb5 25. Nxb5 Rc2 26. Rh3 g6 27. Qh6
Qg7 28. Qg5 Rxb2 29. Rg3 Na2 30. h3 Rc2 31. Rf2 Rc1+ 32. Kh2 Nc3 33. Nxc3 Rxc3
34. h4 Kh8 35. h5 Rg8 36. Rb2 gxh5 37. Qxg7+ Rxg7 38. Rxg7 Kxg7 39. Rxb7+ Kf8
40. Ra7 Rxe3 41. Rxa5 Rd3 42. Ra8+ Kg7 43. Ra7+ Kg6 44. Re7 Rxd4 45. Rxe6+ Kg5
46. Rd6 Rh4+ 47. Kg1 Rxa4 48. Rxd5 Ra7 49. Kh2 Re7 50. Kh3 h6 51. Rb5 Re6 52.
Ra5 h4 53. Rb5 Ra6 54. Rb8 Re6 55. Rb5 Re8 56. Ra5 Rb8 57. Ra7 Rb3+ 58. Kh2 Re3
59. Rg7+ Kf4 60. Rh7 h3 61. Rxh6 hxg2 62. Kxg2 Re2+ 63. Kf1 Rxe5 64. Kf2 Ra5
65. Rh4+ Kg5 66. Rb4 Ra2+ 67. Kf3 Ra3+ 68. Kf2 Rd3 1/2-1/2

[Event "IX Torneo Leonardo di Bona A"]
[Site "Cutro ITA"]
[Date "2003.04.30"]
[Round "8"]
[White "Korneev, Oleg"]
[Black "Skembris, Spyridon"]
[Result "1-0"]
[WhiteElo "2606"]
[BlackElo "2448"]
[PlyCount "53"]
[EventDate "2003.04.23"]

1. e4 e5 2. Nf3 Nc6 3. Bb5 a6 4. Ba4 Nf6 5. O-O Be7 6. Re1 b5 7. Bb3 d6 8. c3
O-O 9. h3 Na5 10. Bc2 c5 11. d4 Nd7 12. b3 exd4 13. cxd4 Nc6 14. Nc3 cxd4 15.
Nd5 Nde5 16. Nxd4 Nxd4 17. Qxd4 Bxh3 18. f4 Nc6 19. Qc3 Bd7 20. Bb2 f6 21. Rad1
Rc8 22. Bb1 Bg4 23. Rd2 Rf7 24. Nxe7+ Qxe7 25. Rc1 Nd8 26. Qd4 Rc6 27. Re1 1-0

[Event "IX Torneo Leonardo di Bona A"]
[Site "Cutro ITA"]
[Date "2003.04.30"]
[Round "8"]
[White "Lazic, Miroljub"]
[Black "Collas, Didier"]
[Result "1-0"]
[WhiteElo "2508"]
[BlackElo "2424"]
[PlyCount "67"]
[EventDate "2003.04.23"]

1. Nf3 Nf6 2. b3 g6 3. Bb2 Bg7 4. d4 O-O 5. Nbd2 c5 6. dxc5 Na6 7. e3 Nxc5 8.
Be2 b6 9. O-O Bb7 10. c4 d5 11. b4 Ne6 12. Qb3 a5 13. Rfd1 axb4 14. Qxb4 Nc5
15. Bd4 Ra4 16. Qb2 Ba6 17. Ne5 Qc7 18. Bf1 Ra8 19. Rab1 dxc4 20. Ndxc4 b5 21.
Na3 b4 22. Nb5 Bxb5 23. Bxb5 Rxa2 24. Qxb4 Ne6 25. Bc4 R2a4 26. Qb3 Ng4 27.
Bxe6 Nxe5 28. Bd5 Ra3 29. Qb2 R8a5 30. Qb8+ Qxb8 31. Rxb8+ Bf8 32. Bxe5 e6 33.
Rxf8+ Kxf8 34. Bd6+ 1-0

[Event "IX Torneo Leonardo di Bona A"]
[Site "Cutro ITA"]
[Date "2003.04.30"]
[Round "8"]
[White "Naumkin, Igor"]
[Black "Janev, Evgeni"]
[Result "1-0"]
[WhiteElo "2431"]
[BlackElo "2456"]
[PlyCount "82"]
[EventDate "2003.04.23"]

1. d4 g6 2. c4 Bg7 3. Nc3 d6 4. e4 Nf6 5. Nf3 O-O 6. Be2 Bg4 7. Be3 Nfd7 8. Rc1
e5 9. d5 a5 10. O-O Bxf3 11. Bxf3 f5 12. a3 Bf6 13. Be2 Bg5 14. Bxg5 Qxg5 15.
exf5 gxf5 16. f4 Qe7 17. Nb5 Na6 18. fxe5 dxe5 19. d6 cxd6 20. Nxd6 Kh8 21.
Nxf5 Qc5+ 22. Kh1 Nf6 23. Nd6 Qb6 24. b4 axb4 25. axb4 Nxb4 26. c5 Qc7 27. Bc4
Nc6 28. Qf3 Nd4 29. Qg3 Qe7 30. Qg5 Nd5 31. Qxe7 Nxe7 32. Nxb7 Rxf1+ 33. Bxf1
Kg7 34. Nd6 Nb3 35. Re1 Nc6 36. h3 Nxc5 37. Rc1 Ra5 38. Bb5 Nd4 39. Rxc5 Kf6
40. Ne4+ Ke7 41. Rxe5+ Kf8 1-0

[Event "IX Torneo Leonardo di Bona A"]
[Site "Cutro ITA"]
[Date "2003.04.30"]
[Round "8"]
[White "Ninov, Nikolai Ivanov"]
[Black "Georgieva, Liubka"]
[Result "1-0"]
[WhiteElo "2454"]
[BlackElo "2238"]
[PlyCount "71"]
[EventDate "2003.04.23"]

1. e4 e5 2. Nf3 Nc6 3. Bb5 a6 4. Ba4 Nf6 5. Nc3 b5 6. Bb3 Bb4 7. Nd5 Ba5 8. O-O
d6 9. Nxf6+ Qxf6 10. Bd5 Bd7 11. a4 Ra7 12. c3 Ne7 13. b4 c6 14. Bxf7+ Kxf7 15.
bxa5 c5 16. axb5 axb5 17. d4 h6 18. dxe5 dxe5 19. Qb3+ c4 20. Qb4 Bg4 21. Qxb5
Bxf3 22. Qxc4+ Kg6 23. Be3 Ra6 24. gxf3 Kh7 25. Qe2 Ng6 26. Kh1 Nh4 27. f4 exf4
28. Bd4 Qe6 29. f3 Qh3 30. Rf2 Rg6 31. a6 Rg3 32. Qf1 Nxf3 33. Qxh3 Rxh3 34.
Kg2 Nh4+ 35. Kxh3 g5 36. Bxh8 1-0

[Event "IX Torneo Leonardo di Bona A"]
[Site "Cutro ITA"]
[Date "2003.04.30"]
[Round "8"]
[White "Palac, Mladen"]
[Black "Genov, Petar"]
[Result "1-0"]
[WhiteElo "2587"]
[BlackElo "2490"]
[PlyCount "65"]
[EventDate "2003.04.23"]

1. e4 c5 2. Nf3 d6 3. d4 cxd4 4. Nxd4 Nf6 5. Nc3 a6 6. Bc4 e6 7. Bb3 Nbd7 8.
Bg5 Nc5 9. f4 Be7 10. Qf3 Bd7 11. O-O-O O-O 12. Kb1 Qc7 13. Rhe1 Bc6 14. Nxc6
bxc6 15. e5 Nd5 16. Bxd5 cxd5 17. Rxd5 exd5 18. Nxd5 Qa5 19. Nxe7+ Kh8 20. Re3
Qd2 21. f5 dxe5 22. Qh5 Qxg2 23. Rh3 Qf1+ 24. Bc1 h6 25. Rf3 Qg1 26. Rg3 Qf1
27. Rxg7 Qxc1+ 28. Kxc1 Kxg7 29. Qg4+ Kh7 30. f6 Ne6 31. Qf5+ Kh8 32. Qh5 Kh7
33. Nf5 1-0

[Event "IX Torneo Leonardo di Bona A"]
[Site "Cutro ITA"]
[Date "2003.04.30"]
[Round "8"]
[White "Trabert, Bettina"]
[Black "Gangemi, Salvatore"]
[Result "1/2-1/2"]
[WhiteElo "2292"]
[BlackElo "2049"]
[PlyCount "82"]
[EventDate "2003.04.23"]

1. e4 e6 2. d4 d5 3. Nd2 dxe4 4. Nxe4 Be7 5. Nf3 Nd7 6. Bd3 Ngf6 7. c3 Nxe4 8.
Bxe4 Nf6 9. Bc2 Bd7 10. O-O Bc6 11. Ne5 Be4 12. Bxe4 Nxe4 13. Qg4 Nd6 14. Qxg7
Bf6 15. Qh6 Qe7 16. Bf4 Nf5 17. Qh5 Ng7 18. Qf3 O-O-O 19. a4 h5 20. a5 a6 21.
Ra4 Nf5 22. Rb4 Rd5 23. Nd3 Nh4 24. Qe4 Bg5 25. Bxg5 Qxg5 26. g3 Qf5 27. Qxf5
Nxf5 28. Ra4 Rdd8 29. Re1 Rdg8 30. Nf4 h4 31. d5 hxg3 32. fxg3 Nh4 33. Re3 e5
34. Nd3 f6 35. Ne1 Rg6 36. Re2 Nf5 37. Ng2 Rgh6 38. Ne1 Rg6 39. Ra1 Rd8 40. Rd1
c6 41. c4 Nd4 1/2-1/2

[Event "IX Torneo Leonardo di Bona A"]
[Site "Cutro ITA"]
[Date "2003.04.30"]
[Round "8"]
[White "Voiska, Margarita"]
[Black "Scerbo, Antonio"]
[Result "1-0"]
[WhiteElo "2354"]
[BlackElo "2092"]
[PlyCount "81"]
[EventDate "2003.04.23"]

1. c4 Nf6 2. g3 g6 3. Bg2 Bg7 4. Nc3 O-O 5. e4 d6 6. Nge2 c5 7. O-O Nc6 8. d3
Bd7 9. h3 a6 10. Be3 Rb8 11. a4 Na5 12. Ra2 b5 13. axb5 axb5 14. Nxb5 Nc6 15.
Nec3 Nb4 16. Ra7 Bxb5 17. Nxb5 Nd7 18. b3 Ne5 19. Qe2 Nexd3 20. Rd1 Nc6 21.
Qxd3 Rxb5 22. cxb5 Nxa7 23. Bxc5 Qb8 24. Be3 Nxb5 25. Rc1 Na3 26. Rc6 Rc8 27.
Qa6 Rxc6 28. Qxc6 h5 29. b4 Qxb4 30. Qe8+ Kh7 31. Qxf7 Nc2 32. Bg5 Qe1+ 33. Kh2
Nd4 34. Bxe7 Ne2 35. h4 Qg1+ 36. Kh3 Qa1 37. Bf8 Qe5 38. Bf1 Nd4 39. Bc4 Qf6
40. Qg8+ Kh6 41. Qh8# 1-0

[Event "IX Torneo Leonardo di Bona A"]
[Site "Cutro ITA"]
[Date "2003.05.01"]
[Round "9"]
[White "Aleksieva, Silvia"]
[Black "Zelcic, Robert"]
[Result "0-1"]
[WhiteElo "2348"]
[BlackElo "2540"]
[PlyCount "82"]
[EventDate "2003.04.23"]

1. d4 Nf6 2. Nf3 e6 3. e3 c5 4. Bd3 b6 5. O-O Bb7 6. Nbd2 Be7 7. b3 O-O 8. Bb2
Nc6 9. a3 Rc8 10. c4 cxd4 11. exd4 d5 12. Re1 Nb8 13. Qe2 Re8 14. Qe3 Nbd7 15.
Rad1 Qc7 16. Ne5 Nxe5 17. dxe5 Nd7 18. cxd5 Bxd5 19. b4 a5 20. Qh3 Nf8 21. Ne4
Ng6 22. Qh5 axb4 23. axb4 Red8 24. Rc1 Qd7 25. Rxc8 Rxc8 26. Ng5 h6 27. Nxf7
Nf4 28. Nxh6+ gxh6 29. Qxh6 Nxd3 30. Qg6+ Kf8 31. Qxd3 Qa4 32. Bc1 Qxb4 33.
Bh6+ Ke8 34. Rb1 Qg4 35. f3 Bc5+ 36. Kh1 Qf5 37. Qb5+ Bc6 38. Qb2 Bd4 39. Qb4
Bxf3 40. Rf1 Bxg2+ 41. Kxg2 Qg4+ 0-1

[Event "IX Torneo Leonardo di Bona A"]
[Site "Cutro ITA"]
[Date "2003.05.01"]
[Round "9"]
[White "Calzetta Ruiz, Monica"]
[Black "Isonzo, David"]
[Result "1/2-1/2"]
[WhiteElo "2253"]
[BlackElo "2340"]
[PlyCount "30"]
[EventDate "2003.04.23"]

1. e4 c5 2. Nf3 Nc6 3. d4 cxd4 4. Nxd4 Nf6 5. Nc3 e6 6. Ndb5 Bb4 7. a3 Bxc3+ 8.
Nxc3 d5 9. Bd3 dxe4 10. Nxe4 Nxe4 11. Bxe4 Qxd1+ 12. Kxd1 e5 13. Re1 f6 14. Be3
Be6 15. Kc1 O-O 1/2-1/2

[Event "IX Torneo Leonardo di Bona A"]
[Site "Cutro ITA"]
[Date "2003.05.01"]
[Round "9"]
[White "Chatalbashev, Boris"]
[Black "Ivanov, Jordan"]
[Result "1/2-1/2"]
[WhiteElo "2525"]
[BlackElo "2432"]
[PlyCount "20"]
[EventDate "2003.04.23"]

1. c4 c5 2. g3 Nc6 3. Bg2 g6 4. Nc3 Bg7 5. e3 Nh6 6. Nge2 Nf5 7. b3 d6 8. O-O
O-O 9. Bb2 Bd7 10. Na4 e5 1/2-1/2

[Event "IX Torneo Leonardo di Bona A"]
[Site "Cutro ITA"]
[Date "2003.05.01"]
[Round "9"]
[White "Collas, Didier"]
[Black "Abatino, Maurizio"]
[Result "1-0"]
[WhiteElo "2424"]
[BlackElo "2228"]
[PlyCount "63"]
[EventDate "2003.04.23"]

1. Nf3 Nf6 2. c4 e6 3. Nc3 Bb4 4. Qc2 b6 5. a3 Bxc3 6. Qxc3 Bb7 7. b3 d6 8. Bb2
Nbd7 9. e3 Qe7 10. Be2 O-O 11. O-O c5 12. Rae1 Rac8 13. d3 Rfe8 14. Nh4 Nf8 15.
f4 Ng6 16. Nf3 Qd7 17. g3 e5 18. fxe5 dxe5 19. e4 Rcd8 20. Qc1 Bc8 21. Nd2 Qh3
22. Nb1 Nh5 23. Qg5 Nf6 24. Nc3 Ng4 25. Bxg4 Bxg4 26. Nd5 f6 27. Rxf6 Rxd5 28.
Rxg6 Bf3 29. Rxg7+ Kh8 30. Rg8+ Rxg8 31. Qf6+ Rg7 32. Qxf3 1-0

[Event "IX Torneo Leonardo di Bona A"]
[Site "Cutro ITA"]
[Date "2003.05.01"]
[Round "9"]
[White "Genov, Petar"]
[Black "Mrdja, Milan"]
[Result "1-0"]
[WhiteElo "2490"]
[BlackElo "2353"]
[PlyCount "55"]
[EventDate "2003.04.23"]

1. d4 Nf6 2. c4 c5 3. d5 e6 4. Nc3 exd5 5. cxd5 d6 6. e4 g6 7. f3 Bg7 8. Bg5
O-O 9. Qd2 a6 10. a4 Re8 11. Be2 Qe7 12. Bd1 Qf8 13. Nge2 Nbd7 14. O-O Ne5 15.
b3 Rb8 16. a5 h6 17. Be3 Nh7 18. Bc2 Bd7 19. Ra2 f5 20. h3 Re7 21. f4 Nf7 22.
e5 dxe5 23. Bxc5 Rc8 24. b4 Qd8 25. Bb3 Re8 26. d6 Be6 27. Ba4 Bd7 28. Bb6 1-0

[Event "IX Torneo Leonardo di Bona A"]
[Site "Cutro ITA"]
[Date "2003.05.01"]
[Round "9"]
[White "Miladinovic, Igor"]
[Black "Drasko, Milan"]
[Result "1-0"]
[WhiteElo "2533"]
[BlackElo "2491"]
[PlyCount "83"]
[EventDate "2003.04.23"]

1. d4 e6 2. c4 Bb4+ 3. Nc3 Nf6 4. g3 c5 5. Nf3 cxd4 6. Nxd4 O-O 7. Bg2 d5 8.
cxd5 Nxd5 9. Bd2 Bxc3 10. bxc3 e5 11. Nc2 Nc6 12. c4 Nde7 13. Rb1 Be6 14. Ne3
Qd7 15. Bc3 Qxd1+ 16. Rxd1 Rfd8 17. Nd5 Rd7 18. O-O f6 19. f4 Rad8 20. e4 b6
21. Rd3 Nc8 22. Rfd1 Nd6 23. f5 Bf7 24. Bf1 h6 25. g4 Kh8 26. Re3 Nb7 27. h4
Nc5 28. Be2 Rd6 29. Rd2 Bxd5 30. cxd5 Nb8 31. Bb4 Nbd7 32. a4 a5 33. Ba3 Rc8
34. Bb5 Rc7 35. Rc2 Nb8 36. Rc4 Rd8 37. Rec3 Rdc8 38. d6 Rd7 39. Bxc5 bxc5 40.
Rxc5 Rxc5 41. Rxc5 Rd8 42. d7 1-0